000 01288cam a2200289 4500
001 ABS63988
008 000000n2001 000 0 eng u
035 _a(Sirsi) u112911
100 _aBeresford, A
245 _aContamination: untangling the legal controls
260 _c2001
490 _aEnvironment Information Bulletin
_v(109) May 2001, 14-16(3)
520 _aExamines the interrelationship between the five different UK regimes relating to the remediation and prevention of contaminated land and water: the Environmental Protection Act Part IIA; integrated pollution prevention and control (IPPC); the planning regime and PPG23; waste management licences; anti-pollution notices under the Water Resources Act 1991. Explains the scope of each regime, outlines the duties of local authorities, and highlights the party liable for remediation.
590 _aABS
650 _aENVIRONMENTAL PROTECTION ACT 1990
650 _aWATER RESOURCES ACT 1991
650 _aCONTAMINATED LAND
650 _aIPPC
650 _aPPG23
650 _aPLANNING POLICY GUIDANCE
650 _aINTEGRATED POLLUTION PREVENTION AND CONTROL
650 _aWASTE MANAGEMENT
650 _aREMEDIATION
650 _aWATER POLLUTION
690 _aENVIRONMENT-CONTAMINATION
942 _n0
999 _c67213
_d67213